Central Library OPAC University of Rajshahi

The history of the Peloponnesian war / (Record no. 25711)

MARC details
000 -LEADER
fixed length control field 00826cam a2200265u 4500
001 - CONTROL NUMBER
control field 25711
003 - CONTROL NUMBER IDENTIFIER
rucl marc code BD-RjUL
005 - DATE AND TIME OF LATEST TRANSACTION
control field 20211209050921.0
008 - FIXED-LENGTH DATA ELEMENTS--GENERAL INFORMATION
fixed length control field 140319r19511943enkb 001 0 eng d
035 ## - SYSTEM CONTROL NUMBER
System control number (BD-RjUL)25781
040 ## - CATALOGING SOURCE
Original cataloging agency DLC
Transcribing agency CarP
Modifying agency DLC
-- BD-RjUL
Language of cataloging eng
041 ## - LANGUAGE CODE
Language code of text/sound track or separate title eng
082 04 - DEWEY DECIMAL CLASSIFICATION NUMBER
Edition number 21
Classification number 938.05092
Author mark and year THH 1951
100 0# - MAIN ENTRY--PERSONAL NAME
Personal name Thucydides.
9 (RLIN) 74738
245 14 - TITLE STATEMENT
Title The history of the Peloponnesian war /
Statement of responsibility, etc. Thucydides.
260 ## - PUBLICATION, DISTRIBUTION, ETC. (IMPRINT)
Place of publication, distribution, etc. London :
Name of publisher, distributor, etc. Oxford University Press,
Date of publication, distribution, etc. 1943 [Reprinted 1951]
300 ## - PHYSICAL DESCRIPTION
Pagination xv, 399p. :
Illustrations ill. ;
Size 18 cm.
504 ## - BIBLIOGRAPHY, ETC. NOTE
Bibliography, etc Includes Index
651 #0 - SUBJECT ADDED ENTRY--GEOGRAPHIC NAME
Geographic name Greece
General subdivision History
Chronological subdivision Peloponnesian War, 431-404 B.C.
9 (RLIN) 78977
700 1# - ADDED ENTRY--PERSONAL NAME
Personal name Livingstone, R. W
Dates associated with a name 1840-1893.
942 ## - ADDED ENTRY ELEMENTS (KOHA)
Source of classification or shelving scheme Dewey Decimal Classification
Koha item type Books
Holdings
Lost status Source of classification or shelving scheme Damaged status Not for loan Collection code Permanent Location Current Location Shelving location Date acquired Source of acquisition Cost, normal purchase price Total Checkouts Full call number Date last seen Copy number Koha item type
  Dewey Decimal Classification   Added to bundle Non-fiction Central Library, University of Rajshahi Central Library, University of Rajshahi Reading Room 25/10/1954 O. U. P. 2.13   938.05092 THH 1951 19/03/2014 C-1 Books
  Dewey Decimal Classification     Non-fiction Central Library, University of Rajshahi Central Library, University of Rajshahi   17/01/1955 O. U. P. 2.13   938.05092 THH 1951 20/03/2014 C-2 Books
  Dewey Decimal Classification     Non-fiction Central Library, University of Rajshahi Central Library, University of Rajshahi   17/01/1955 O. U. P. 2.13   938.05092 THH 1951 23/03/2014 C-3 Books